Going vertical : (Record no. 336742)
[ view plain ]
| 000 -LEADER | |
|---|---|
| fixed length control field | 00462nam a2200193Ia 4500 |
| 008 - FIXED-LENGTH DATA ELEMENTS--GENERAL INFORMATION | |
| fixed length control field | 170705s9999 xx 000 0 und d |
| 020 ## - INTERNATIONAL STANDARD BOOK NUMBER | |
| International Standard Book Number | 9780439682541 |
| 245 ## - TITLE STATEMENT | |
| Title | Going vertical : |
| 245 ## - TITLE STATEMENT | |
| Remainder of title | how scateboarding got extreme / |
| 245 ## - TITLE STATEMENT | |
| Statement of responsibility, etc | K.S. O'Donoghue. |
| 260 ## - PUBLICATION, DISTRIBUTION, ETC. (IMPRINT) | |
| Place of publication, distribution, etc | New York : |
| 260 ## - PUBLICATION, DISTRIBUTION, ETC. (IMPRINT) | |
| Name of publisher, distributor, etc | Scholastic, |
| 260 ## - PUBLICATION, DISTRIBUTION, ETC. (IMPRINT) | |
| Date of publication, distribution, etc | 2004 |
| 300 ## - PHYSICAL DESCRIPTION | |
| Extent | 24 pages : |
| 300 ## - PHYSICAL DESCRIPTION | |
| Other physical details | color illustration ; |
| 300 ## - PHYSICAL DESCRIPTION | |
| Dimensions | 19cm. |
| 440 ## - SERIES STATEMENT/ADDED ENTRY--TITLE | |
| Title | Read 180. |
| 500 ## - GENERAL NOTE | |
| General note | 650 |
No items available.